| 000 | 00439nam a2200145 4500 | ||
|---|---|---|---|
| 001 | 133065 | ||
| 003 | ES-MaACL | ||
| 007 | t| | ||
| 008 | 070214s1946 sp r ||||1| spa d | ||
| 100 | 1 |
_aRubert y Candau, José María. _9100298 |
|
| 245 | 1 | 0 |
_aDiccionario manual de Filosofía / _cJosé Mª Rubert Candau. |
| 260 |
_aMadrid : _bEd. Bibliográfica Española, _c1946. |
||
| 300 |
_a658 p. ; _c21 cm. |
||
| 852 |
_aES-MaACL _jE-708 _bR.27320 |
||
| 999 |
_c133065 _d133065 |
||